| 000 | 00704nam a22002537a 4500 | ||
|---|---|---|---|
| 001 | 9911 | ||
| 003 | FISKH | ||
| 005 | 20260313161534.0 | ||
| 008 | 260313b cb ||||| |||| 00| 0 eng d | ||
| 020 | _a9781730162329 | ||
| 040 |
_aFISKH _beng _cFISKH _dFISKH |
||
| 082 | _a813 | ||
| 100 | _aPrakash , Ved | ||
| 245 |
_aMoody / _cConceived by Ved Prakash |
||
| 250 | _aPublished in 2015 | ||
| 260 |
_aNew Delhi : _bDreamland Publications , _c2015 . |
||
| 300 |
_a24 pages : _bcolor illustrations ; _c28 cm . |
||
| 490 | _aCharacter-Building Stories for Children | ||
| 505 | _aH | ||
| 521 | 8 |
_a450
_bLexile estimate |
|
| 521 | 8 |
_aH
_bRaz-Plus |
|
| 942 |
_2ddc _cBK _n0 |
||
| 999 |
_c9911 _d9911 |
||